000 00547nam a22002057a 4500
003 UA-OsUOA
001 34679
007 ta
008 20051018b un ||||| |||| 00| 0 ukr d
090 _a70
_bМ90
942 _cBK
040 _aUA-OsUOA
_bukr
_cUA-OsUOA
_dUA-OsUOA
245 _aМузей історичних коштовностей українськоїРСР
955 _a2
041 _aukr
080 _a70
260 _aК.
_bРеклама
_c1975
650 7 _a7 Мистецтво. Ігри. Спорт.
_2UDC
999 _c321113
_d321113